Selections from star wars for recorder (Record no. 16335)

MARC details
000 -LEADER
fixed length control field 00416nam a22001457a 4500
008 - FIXED-LENGTH DATA ELEMENTS--GENERAL INFORMATION
fixed length control field 170313b xxu||||| |||| 00| 0 eng d
020 ## - INTERNATIONAL STANDARD BOOK NUMBER
International Standard Book Number 0739042459
050 ## - LIBRARY OF CONGRESS CALL NUMBER
Classification number M181
Item number .W55 C.1
100 ## - MAIN ENTRY--PERSONAL NAME
Personal name Williams, John
245 ## - TITLE STATEMENT
Title Selections from star wars for recorder
Statement of responsibility, etc. by John Williams
260 ## - PUBLICATION, DISTRIBUTION, ETC. (IMPRINT)
Place of publication, distribution, etc. USA
Name of publisher, distributor, etc. Hal.leonard
300 ## - PHYSICAL DESCRIPTION
Extent 23 p.
650 ## - SUBJECT ADDED ENTRY--TOPICAL TERM
Topical term or geographic name as entry element Star wars films
942 ## - ADDED ENTRY ELEMENTS (KOHA)
Source of classification or shelving scheme Library of Congress Classification
Koha item type General Collection
Classification part M181 .W55 C.1
Holdings
Withdrawn status Lost status Source of classification or shelving scheme Not for loan Home library Current library Shelving location Date acquired Cost, normal purchase price Total Checkouts Full call number Barcode Date last seen Copy number Price effective from Koha item type
    Library of Congress Classification   Kabarak, Main Campus Kabarak, Main Campus General Stacks 13/03/2017 701.80   M181 .W55 C.1 026188 13/03/2017 C.1 13/03/2017 General Collection
Designed with assistance from East African Informatics Ltd